000 00407nam a2200169Ia 4500
005 20250423100526.0
008 250422s9999 xx 000 0 und d
020 _a0- 7637- 0253- 6
050 _aQC21.2.L47/
100 _aLawrence S. Lerner
245 0 _aPhysics for scientists and engineers
260 _bJones and Barlett
260 _c1996
300 _a629 p
650 _aPhysics
942 _cBK
999 _c33572
_d33572